Código de la familia

Saved in:
Bibliografiske detaljer
Institution som forfatter: Unión Internacional de Estudios Sociales (Author)
Format: Bog
Sprog:spansk
Udgivet: Buenos Aires, Argentina Ediciones del Atlántico 1956
Fag:
Tags: Tilføj Tag
Ingen Tags, Vær først til at tagge denne postø!

MARC

LEADER 00000nam a2200000 a 4500
001 UCR6477
003 CL-VaPUC
005 20240401121841.0
008 980423e19560000AG |||||||||||||||||spa|d
999 |c 268561  |d 268559 
040 |c Pontificia Universidad Católica de Valparaíso 
082 0 4 |a 346.015 UNI 1956  |2 21 
110 2 |a Unión Internacional de Estudios Sociales  |e author  |9 407537 
245 1 0 |a Código de la familia 
260 |a Buenos Aires, Argentina   |b Ediciones del Atlántico  |c 1956 
300 |a 148 páginas  
583 |a last modification  |c 19980423 00:00:00  |k Rodrigo Vera 
650 0 |a Derecho de familia  |9 255603 
650 0 |a Familias   |9 255641 
650 0 |a Sociedad conyugal   |9 357527 
650 0 |a Regímenes matrimoniales  |9 357525 
650 0 |a Hijos  |9 353490 
650 0 |a Peternidad  |9 254922 
650 0 |a Iglesia   |9 255004 
852 |a BIBCUR 
942 |c BK  |2 ddc 
945 |d 19980423 00:00:00  |a lriquelm 
952 |0 0  |1 0  |4 0  |6 346_015000000000000_UNI_1956  |7 0  |8 A  |9 301762  |a BIBGIM  |b BIBGIM  |d 2019-11-20  |i 1984144  |o 346.015 UNI 1956  |p 1984144  |r 2025-01-15  |w 2019-11-20  |y BK  |k SSL 
952 |0 0  |1 0  |2 ddc  |4 0  |6 346_015000000000000_UNI_1956  |7 0  |8 A  |9 383379  |a BIBDER  |b BIBDER  |d 2019-11-21  |i 4118235  |o 346.015 UNI 1956  |p 4118235  |r 2023-01-25  |w 2019-11-21  |y BK  |k DER